Statistics for Top 100 Most Streamed Songs On Spotify

Click here to take the quiz!

General Stats

  • This quiz has been taken 94 times
    (12 since last reset)
  • The average score is 44 of 100

Answer Stats

Month/Year of ReleaseAnswerArtist(s)Streams% Correct
April 2022As It WasHarry Styles3.15B
80%
November 2019Blinding LightsThe Weeknd4.18B
80%
May 2019Dance MonkeyTones and I3.03B
80%
May 2018Lucid DreamsJuice WRLD2.5B
80%
September 2017rockstarPost Malone, 21 Savage2.92B
80%
January 2017Shape of YouEd Sheeran3.85B
80%
November 2018Someone You LovedLewis Capaldi3.33B
80%
October 2018SunflowerPost Malone, Swae Lee3.26B
80%
October 1975Bohemian RhapsodyQueen2.44B
70%
July 2016CloserThe Chainsmokers, Halsey2.81B
70%
June 2020Heat WavesGlass Animals2.92B
70%
April 2016One DanceDrake, Wizkid, Kyla3.1B
70%
July 2021STAYThe Kid LAROI, Justin Bieber3.02B
70%
March 2012Sweater WeatherThe Neighbourhood2.78B
70%
September 2013Take Me To ChurchHozier2.46B
70%
March 2019bad guyBillie Eilish2.48B
60%
February 2017BelieverImagine Dragons2.93B
60%
January 2018God's PlanDrake2.48B
60%
May 2021good 4 uOlivia Rodrigo2.11B
60%
April 2018One KissCalvin Harris, Dua Lipa2.12B
60%
May 2013RiptideVance Joy2.44B
60%
September 2016StarboyThe Weeknd, Daft Punk3.18B
60%
April 2017ThunderImagine Dragons2.32B
60%
June 2016Treat You BetterShawn Mendes2.11B
60%
January 20197 ringsAriana Grande2.22B
50%
August 2011Can't Hold UsMacklemore and Ryan Lewis, Ray Dalton2.31B
50%
March 2013Counting StarsOne Republic2.38B
50%
January 2021drivers licenseOlivia Rodrigo2.13B
50%
September 2016goosebumpsTravis Scott2.31B
50%
August 2018HappierMarshmello, Bastille2.09B
50%
August 2017HavanaCamilla Cabello, Young Thug2.03B
50%
March 2017HUMBLE.Kendrick Lamar2.16B
50%
October 2020LevitatingDua Lipa, DaBaby2.02B
50%
April 2018lovelyBillie Eilish, Khalid2.74B
50%
November 2015Love YourselfJustin Bieber2.37B
50%
June 2004Mr. BrightsideThe Killers2.1B
50%
June 2017New RulesDua Lipa2.05B
50%
August 2014No Role ModelzJ Cole2.16B
50%
March 2017PerfectEd Sheeran2.9B
50%
June 2019SeñoritaShawn Mendes, Camilla Cabello2.69B
50%
August 2018SICKO MODETravis Scott2.09B
50%
February 2017Something Just Like ThisThe Chainsmokers, Coldplay2.51B
50%
April 2015Stressed OutTwenty One Pilots2.26B
50%
May 2015The HillsThe Weeknd2.25B
50%
November 2014Uptown FunkMark Ronson, Bruno Mars1.95B
50%
December 2019Watermelon SugarHarry Styles2.62B
50%
June 2000YellowColdplay2.21B
50%
August 2013All of MeJohn Legend2.32B
40%
August 2019CirclesPost Malone2.42B
40%
September 2012DemonsImagine Dragons2.19B
40%
January 2023FlowersMiley Cyrus1.92B
40%
July 2021INDUSTRY BABYLil Nas X, Jack Harlow1.98B
40%
October 2017Jocelyn FloresXXXTENTACION2.14B
40%
March 2015Lean OnMajor Lazor, DJ Snake, MØ2.02B
40%
July 2012Let Her GoPassenger2.2B
40%
August 2016Let Me Love YouDJ Snake, Justin Bieber2.09B
40%
October 2002Lose YourselfEminem2.13B
40%
March 2018SAD!XXXTENTACION2.19B
40%
September 2016Say You Won't Let GoJames Arthur2.74B
40%
September 2018ShallowLady Gaga, Bradley Cooper2.39B
40%
April 2014Stay with MeSam Smith2.04B
40%
June 2014Thinking out LoudEd Sheeran2.46B
40%
June 2013Wake Me UpAvicii2.26B
40%
March 2017XO Tour Llif3Lil Uzi Vert2.08B
40%
June 2013Another LoveTom Odell2.33B
30%
August 2021Cold Heart (PNAU Remix)Elton John, Dua Lipa, PNAU1.94B
30%
August 2019Cruel SummerTaylor Swift2.01B
30%
June 2013Do I Wanna Know?Arctic Monkeys2.12B
30%
November 2019Don't Start NowDua Lipa2.54B
30%
December 2015FadedAlan Walker1.9B
30%
August 2010Just The Way You AreBruno Mars2.01B
30%
October 2012Locked out of HeavenBruno Mars1.91B
30%
June 2014PhotographEd Sheeran2.47B
30%
September 2019Roses (Imanbek remix)Saint Jhn, Imanbek1.9B
30%
December 2012When I Was Your ManBruno Mars2.03B
30%
October 2018Without MeHalsey2B
30%
May 2002Without MeEminem2.06B
30%
October 1995WonderwallOasis1.94B
30%
April 2018Better NowPost Malone1.92B
20%
November 2016CongratulationsPost Malone, Quavo1.95B
20%
October 2020DÁKITIBad Bunny, Jhay Cortez1.94B
20%
November 2016Die For YouThe Weeknd2.17B
20%
January 1979Don't Stop Me NowQueen1.91B
20%
May 1983Every Breath You TakeThe Police1.96B
20%
October 2001In The EndLinkin Park1.95B
20%
April 2015I Took a Pill in Ibiza (Seeb Remix)Mike Posner, Seeb1.91B
20%
September 2019MemoriesMaroon 51.97B
20%
March 2021MONTERO (Call Me by Your Name)Lil Nas X1.87B
20%
March 2020Save Your TearsThe Weeknd1.93B
20%
September 1991Smells Like Teen SpiritNirvana1.96B
20%
January 2011Someone Like YouAdele1.87B
20%
October 2015SorryJustin Bieber2.04B
20%
November 2016That's What I LikeBruno Mars2.01B
20%
April 2015The Night We MetLord Huron1.96B
20%
April 2017There's Nothing Holdin' Me BackShawn Mendes1.98B
20%
May 2002Till I CollapseEminem1.91B
20%
September 2017Too Good at GoodbyesSam Smith2.01B
20%
April 2017UnforgettableFrench Montana, Swae Lee1.98B
20%
June 2008Viva La VidaColdplay2.02B
20%
September 2013I Wanna Be YoursArctic Monkeys2.04B
10%

Score Distribution

Percentile by Number Answered

Percent of People with Each Score

Your Score History

You have not taken this quiz since the last reset